Figuras y formas: aprestamiento preescolar corporal, objetal y gráfico

Gespeichert in:
Bibliographische Detailangaben
Hauptverfasser: Frostig, Marianne (VerfasserIn), Horne, David (VerfasserIn), Miller, Ann Marie (VerfasserIn)
Format: Buch
Sprache:Spanisch
Veröffentlicht: Buenos Aires Panamericana 1978
Schriftenreihe:Programa para el Desarrollo de la Percepción Visual
Schlagworte:
Tags: Tag hinzufügen
Keine Tags, Fügen Sie den ersten Tag hinzu!

MARC

LEADER 00000nam a2200000 a 4500
001 UCU1657
003 CL-VaPUC
008 960409e19780000AG |||||||||||||||||spa|d
082 0 4 |a 372.21  |b FRO  |2 21 
100 0 |a Frostig, Marianne  |e author  |9 357319 
700 0 |a Horne, David  |e author  |9 357320 
700 0 |a Miller, Ann Marie  |e author  |9 357321 
245 1 0 |a Figuras y formas: aprestamiento preescolar corporal, objetal y gráfico 
300 |a 333 p 
942 |c BK 
945 |d 19960409 00:00:00  |a cmena 
260 |a Buenos Aires  |b Panamericana  |c 1978 
500 |a Incluye nivel elemental, intermedio y adelantado 
650 0 |a Apresto escolar   |9 310245 
650 7 |a EDUCACION PSICOMOTRIZ  |2 CL-VaPUC  |9 307559 
650 0 |a Percepción   |9 266750 
650 0 |a Apresto  |9 309174 
650 0 |a Desarrollo mental   |9 313003 
583 |a last modification  |c 19960409 00:00:00  |k Rodrigo Vera 
490 0 |a Programa para el Desarrollo de la Percepción Visual 
999 |c 246202  |d 246200 
952 |0 0  |1 0  |4 0  |6 372_210000000000000_FRO_1978  |7 0  |8 A  |9 260956  |a BIBEDU  |b BIBEDU  |d 2019-11-19  |i 201677K  |o 372.21 FRO 1978  |p 201677K  |r 2019-11-19  |w 2019-11-19  |y BK  |k EDU 
952 |0 0  |1 0  |4 0  |6 372_210000000000000_FRO_1978  |7 0  |8 A  |9 260957  |a BIBEDU  |b BIBEDU  |d 2019-11-19  |i 2016788  |o 372.21 FRO 1978  |p 2016788  |r 2019-11-19  |w 2019-11-19  |y BK  |k EDU